Представление документа в формате RUSMARC

Поле Инд. ПП Название Значение
Тип записи a
Библиографический уровень a
001 Контрольный номер c41cd7d9aac44bd685048ca26b0c910f
005 Дата корректировки 20190518101403.2
100 a Данные общей обработки 20190518 ||| 0rusy0189 ca
101 0_ a Язык текста rus
102 a Страна публикации RU
200 1_ f Первые сведения об ответственности Д.В. Алонцева
a Заглавие Церковь и государство: современные интерпретации
b Общее обозначение материала Текст
210 1_ d Дата издания 2019
461 _0 1 2000
a История государства и права
463 _0 1 2000
a № 3
v С. 44-49
1 2101
d 2019
1 001a3e68eaf38224c9190e51dcbef4918bf
606 a Основная рубрика Религия
610 0_ a Ключевые слова ГОСУДАРСТВО И РЕЛИГИЯ
700 _1 a Фамилия Алонцева
b Имя Д.В.
801 _0 a Страна RU
b Организация РГУП
c Дата составления 20190518
g Правила каталогизации PSBO
801 _1 a Страна RU
b Организация РГУП
c Дата составления 20190518
g Правила каталогизации PSBO
901 t Тип документа b
w Контрольный № источника a3e68eaf38224c9190e51dcbef4918bf
905 a Дата ввода 20190518